|
|
|
|
| LEADER |
00000nam a22000005 4500 |
| 001 |
vtls011738735 |
| 003 |
SK-MaSNL |
| 005 |
20260301182957.0 |
| 008 |
180125s2016 ru a 100 0 rus |
| 020 |
|
|
|a 9785819205150
|q (brožovaná)
|
| 040 |
|
|
|a SNK
|b slo
|c SNK
|e rda
|
| 041 |
0 |
|
|a rus
|
| 044 |
|
|
|a ru
|c RU
|
| 245 |
0 |
0 |
|a Gosudarstvennaja kul'turnaja politika: rol' bibliotek
|b materialy Ježegodnogo soveščanija rukovoditelej federal'nych i central'nych regional'nych bibliotek Rossii Sankt Peterburg, 20-21 oktjabrja 2015 g.
|c sost.: I.A. Trušina, N.Ju. Kuzina
|
| 264 |
|
1 |
|a Sankt-Peterburg
|b Rossijskaja nacional'naja biblioteka
|c 2016
|
| 300 |
|
|
|a 152 strán
|b grafy, ilustrácie, tabuľky
|c 21 cm
|
| 336 |
|
|
|a text
|b txt
|2 rdacontent
|
| 337 |
|
|
|a bez média
|b n
|2 rdamedia
|
| 338 |
|
|
|a zväzok
|b nc
|2 rdacarrier
|
| 500 |
|
|
|a Údaje o zostavovateľoch prevzaté z katalogizačného záznamu z rubu titulného listu
|
| 504 |
|
|
|a Bibliografické odkazy ; poznámky
|
| 655 |
|
7 |
|a zborníky konferencií
|2 SNKPH
|9 70153
|
| 655 |
|
7 |
|a Proceedings of conferences
|2 SNKPHeng
|9 265791
|
| 700 |
1 |
|
|a Trušina, I. A.
|4 com
|9 557615
|
| 700 |
1 |
|
|a Kuzina, N. Ju.
|4 com
|9 332134
|
| 919 |
|
|
|a 978-5-8192-0515-0
|
| 999 |
|
|
|c 855424
|d 857354
|
| 952 |
|
|
|a SNK
|b SNK
|y VYP
|7 0
|p 17A1320553
|o snkIC 143879
|i snk2018/3983
|8 2
|g 4.22
|0 0
|1 0
|4 0
|d 2018-01-25
|l 0
|r 2026-02-24 04:54:57
|w 2026-02-24
|